... Relation of landslides and glacial deposits to reservoir sites in the San Juan Mountains, Colorado, (Record no. 25902)

MARC details
000 -LEADER
fixed length control field 00963cam a22002651 4500
001 - CONTROL NUMBER
control field gs 19000057
003 - CONTROL NUMBER IDENTIFIER
control field DLC
005 - DATE AND TIME OF LATEST TRANSACTION
control field 20260227111323.0
008 - FIXED-LENGTH DATA ELEMENTS--GENERAL INFORMATION
fixed length control field 760204s1918 dcu f000 0 eng
010 ## - LIBRARY OF CONGRESS CONTROL NUMBER
LC control number gs 19000057
035 ## - SYSTEM CONTROL NUMBER
System control number (OCoLC)1966340
040 ## - CATALOGING SOURCE
Original cataloging agency DLC
Transcribing agency IDeKN
Modifying agency OCoLC
-- DLC
050 00 - LIBRARY OF CONGRESS CALL NUMBER
Classification number QE75
Item number .B9 no. 685
051 ## - LIBRARY OF CONGRESS COPY, ISSUE, OFFPRINT STATEMENT
Classification number TD395
Item number .A8
Copy information Copy 2
100 1# - MAIN ENTRY--PERSONAL NAME
Personal name Atwood, Wallace Walter,
Dates associated with a name 1872-
245 14 - TITLE STATEMENT
Title ... Relation of landslides and glacial deposits to reservoir sites in the San Juan Mountains, Colorado,
Statement of responsibility, etc. by Wallace W. Atwood.
260 ## - PUBLICATION, DISTRIBUTION, ETC.
Place of publication, distribution, etc. Washington,
Name of publisher, distributor, etc. Govt. print. off.,
Date of publication, distribution, etc. 1918.
300 ## - PHYSICAL DESCRIPTION
Extent 38 p.
Other physical details illus. (maps, diagrs.) VIII pl.
Dimensions 23 cm.
490 0# - SERIES STATEMENT
Series statement U.S. Geological survey. Bulletin 685
500 ## - GENERAL NOTE
General note At head of title: Department of the interior.
500 ## - GENERAL NOTE
General note Plates printed on both sides of leaf.
650 #0 - SUBJECT ADDED ENTRY--TOPICAL TERM
Topical term or geographic name entry element Physical geography
Geographic subdivision Colorado.
650 #0 - SUBJECT ADDED ENTRY--TOPICAL TERM
Topical term or geographic name entry element Water-supply
Geographic subdivision Colorado.
651 #0 - SUBJECT ADDED ENTRY--GEOGRAPHIC NAME
Geographic name San Juan Mountains (Colo. and N.M.)

No items available.

Powered by Koha